Countries That Start With A Consonant - Statistics

General Stats
  • This quiz has been taken 42 times
  • The average score is 118 of 159
Answer Stats
Letter Country % Correct
B Bolivia
92%
B Botswana
92%
B Brazil
92%
C Chile
92%
C China
92%
B Bahrain
88%
B Bangladesh
88%
B Belgium
88%
J Jamaica
88%
J Japan
88%
J Jordan
88%
B Bahamas
85%
B Belize
85%
B Benin
85%
B Brunei
85%
B Bulgaria
85%
B Burundi
85%
H Haiti
85%
H Honduras
85%
K Kazakhstan
85%
P Poland
85%
C Cambodia
81%
C Canada
81%
C Czech Republic
81%
D Democratic Republic of the Congo
81%
D Denmark
81%
D Dominica
81%
D Dominican Republic
81%
F Finland
81%
F France
81%
G Germany
81%
G Greece
81%
G Guinea
81%
G Guyana
81%
H Hungary
81%
K Kyrgyzstan
81%
L Laos
81%
L Latvia
81%
L Lithuania
81%
M Malaysia
81%
M Mali
81%
N Namibia
81%
P Panama
81%
Q Qatar
81%
S South Korea
81%
S Sweden
81%
B Barbados
77%
C Cameroon
77%
C Cape Verde
77%
C Chad
77%
C Colombia
77%
C Costa Rica
77%
C Cuba
77%
L Lebanon
77%
D Djibouti
77%
F Fiji
77%
G Gabon
77%
G Gambia
77%
G Ghana
77%
G Grenada
77%
K Kenya
77%
K Kosovo
77%
L Libya
77%
M Madagascar
77%
M Malawi
77%
M Mozambique
77%
N Netherlands
77%
N North Macedonia
77%
N Norway
77%
P Pakistan
77%
P Papua New Guinea
77%
P Paraguay
77%
S South Africa
77%
T Thailand
77%
T Turkey
77%
Y Yemen
77%
B Belarus
73%
B Bhutan
73%
B Bosnia and Herzegovina
73%
C Central African Republic
73%
C Comoros
73%
C Croatia
73%
L Luxembourg
73%
G Guatemala
73%
G Guinea-Bissau
73%
K Kuwait
73%
L Liberia
73%
L Liechtenstein
73%
M Monaco
73%
N New Zealand
73%
N North Korea
73%
P Palau
73%
P Philippines
73%
P Portugal
73%
R Republic of the Congo
73%
R Romania
73%
R Rwanda
73%
S San Marino
73%
S South Sudan
73%
S Suriname
73%
S Syria
73%
T Tajikistan
73%
T Turkmenistan
73%
B Burkina Faso
69%
F Federated States of Micronesia
69%
G Georgia
69%
M Marshall Islands
69%
M Mexico
69%
M Moldova
69%
N Nauru
69%
N Nicaragua
69%
N Niger
69%
N Nigeria
69%
R Russia
69%
S Saint Kitts and Nevis
69%
S Saint Lucia
69%
S Saint Vincent and the Grenadines
69%
S Samoa
69%
S Seychelles
69%
S Slovakia
69%
S Solomon Islands
69%
S Switzerland
69%
V Vanuatu
69%
V Vatican City
69%
V Venezuela
69%
Z Zambia
69%
C Cyprus
65%
K Kiribati
65%
L Lesotho
65%
M Maldives
65%
M Malta
65%
M Mauritania
65%
M Mauritius
65%
M Mongolia
65%
M Montenegro
65%
M Morocco
65%
P Peru
65%
S Saudi Arabia
65%
S Senegal
65%
S Sudan
65%
T Tonga
65%
V Vietnam
65%
Z Zimbabwe
65%
M Myanmar
62%
S São Tóme and Principe
62%
S Serbia
62%
S Slovenia
62%
S Somalia
62%
S Spain
62%
T Togo
62%
T Tuvalu
62%
S Sierra Leone
58%
S Singapore
58%
S Sri Lanka
58%
T Taiwan
58%
T Trinidad and Tobago
58%
N Nepal
54%
T Tanzania
54%
T Tunisia
54%
No matching quizzes found
Score Distribution
Percent of People with Each Score
Percentile by Number Answered
Your Score History
You have not taken this quiz